000 00396nmm a2200145Ia 4500
008 251105s9999||||xx |||||||||||||||||und||
041 _aspa
100 _aVV. AA
245 0 _aLa máquina de la muerte
264 _a[Madrid, España] :
_bEdiciones B,
_c2015
300 _a512 páginas
650 _aEnglish Narrative
856 _uhttps://public.digitaliapublishing.com/a/53159
942 _cCF
999 _c105687
_d105687